<?xml version="1.0" encoding="UTF-8"?><?xml-stylesheet type="text/xsl" href="static/style.xsl"?><OAI-PMH xmlns="http://www.openarchives.org/OAI/2.0/" xmlns:xsi="http://www.w3.org/2001/XMLSchema-instance" xsi:schemaLocation="http://www.openarchives.org/OAI/2.0/ http://www.openarchives.org/OAI/2.0/OAI-PMH.xsd"><responseDate>2026-04-13T06:50:22Z</responseDate><request verb="GetRecord" identifier="oai:www.recercat.cat:2117/350308" metadataPrefix="marc">https://recercat.cat/oai/request</request><GetRecord><record><header><identifier>oai:recercat.cat:2117/350308</identifier><datestamp>2026-03-16T08:49:38Z</datestamp><setSpec>com_2072_1033</setSpec><setSpec>col_2072_452951</setSpec></header><metadata><record xmlns="http://www.loc.gov/MARC21/slim" xmlns:dcterms="http://purl.org/dc/terms/" xmlns:xsi="http://www.w3.org/2001/XMLSchema-instance" xmlns:doc="http://www.lyncode.com/xoai" xsi:schemaLocation="http://www.loc.gov/MARC21/slim http://www.loc.gov/standards/marcxml/schema/MARC21slim.xsd">
   <leader>00925njm 22002777a 4500</leader>
   <datafield ind2=" " ind1=" " tag="042">
      <subfield code="a">dc</subfield>
   </datafield>
   <datafield ind2=" " ind1=" " tag="720">
      <subfield code="a">Juy Caballero, Víctor</subfield>
      <subfield code="e">author</subfield>
   </datafield>
   <datafield ind2=" " ind1=" " tag="260">
      <subfield code="c">2021-07-13</subfield>
   </datafield>
   <datafield ind2=" " ind1=" " tag="520">
      <subfield code="a">En l'actualitat cal destacar la importància dels processos de fabricació i en particular, el mecanitzat per arrencament de ferritja. Aquest fenomen es troba en la majoria d'empreses relacionades amb el sector de l'enginyeria. El següent treball es basa en la fabricació de dispositius per calcular l'energia de tall específica dels materials que volem mecanitzar. Aquesta energia de tall és un valor ja tabulat per Serope Kalpakjian, on els resultats proporcionats no són molt específics, per tant, un dels propòsits del meu treball és poder donar un resultat més precís d'aquesta variable. El procés ha començat obtenint la deducció d'una equació que relaciona la nostra energia específica en funció d'alguns paràmetres. Els mecanismes dissenyats s'han creat amb la finalitat de controlar i mesurar aquests paràmetres. Aquests mecanismes es basen en la construcció d'una cèl·lula de càrrega per mesurar el parell, el disseny i la fabricació d'un dispositiu mecànic per donar un avanç constant del trepant i la posterior electrònica de control i finals de carrera.</subfield>
   </datafield>
   <datafield ind2=" " ind1=" " tag="520">
      <subfield code="a">En la actualidad es necesario señalar la importancia que tienen los procesos de fabricación y en especial, el mecanizado por arranque de viruta. Este fenómeno se encuentra en la mayoría de empresas relacionadas con el sector de la ingeniería. El siguiente trabajo se basa en la fabricación de dispositivos para calcular la energía específica de corte de los materiales que deseamos mecanizar. Esta energía de corte es un valor ya tabulado por Serope Kalpakjian, donde los resultados proporcionados son poco específicos, por lo tanto, una de las finalidades de mi trabajo es la de poder dar un resultado más preciso de esta variable. El proceso se ha iniciado obteniendo la deducción de una ecuación que relaciona nuestra energía específica en función de unos parámetros. Los mecanismos diseñados han sido creados con la finalidad de controlar y medir estos parámetros. Estos mecanismos se basan en la construcción de una celda de carga para medir el par, el diseño y fabricación de un dispositivo mecánico para dar un avance constante del taladro y la posterior electrónica de control y finales de carrera.</subfield>
   </datafield>
   <datafield ind2=" " ind1=" " tag="520">
      <subfield code="a">At present, it is necessary to point out the importance of manufacturing processes and, in particular, chip-stripping machining. This phenomenon is found in most companies related to the engineering sector. The next work is based on the manufacture of devices to calculate the specific cutting energy of the materials we want to process. This cut-off energy is a value already tabulated by Serope Kalpakjian, where the results provided are not very specific, therefore, one of the purposes of my work is to be able to give a more accurate result of this variable. The process has started by obtaining the deduction of an equation that relates our specific energy according to some parameters. The mechanisms designed have been designed to monitor and measure these parameters. These mechanisms are based on the construction of a load cell to measure the pair, the design and manufacture of a mechanical device to give a constant advance of the drill and the subsequent control and stroke end electronics.</subfield>
   </datafield>
   <datafield tag="653" ind2=" " ind1=" ">
      <subfield code="a">Àrees temàtiques de la UPC::Enginyeria mecànica::Processos de fabricació mecànica::Mecanització</subfield>
   </datafield>
   <datafield tag="653" ind2=" " ind1=" ">
      <subfield code="a">Machining</subfield>
   </datafield>
   <datafield tag="653" ind2=" " ind1=" ">
      <subfield code="a">Microcontrolador</subfield>
   </datafield>
   <datafield tag="653" ind2=" " ind1=" ">
      <subfield code="a">Galga extensiomètrica</subfield>
   </datafield>
   <datafield tag="653" ind2=" " ind1=" ">
      <subfield code="a">Energia especifica de tall</subfield>
   </datafield>
   <datafield tag="653" ind2=" " ind1=" ">
      <subfield code="a">Potenciòmetre</subfield>
   </datafield>
   <datafield tag="653" ind2=" " ind1=" ">
      <subfield code="a">Mecanització per arrancada de ferritja</subfield>
   </datafield>
   <datafield tag="653" ind2=" " ind1=" ">
      <subfield code="a">Taxa de material retirat</subfield>
   </datafield>
   <datafield tag="653" ind2=" " ind1=" ">
      <subfield code="a">Microcontroller</subfield>
   </datafield>
   <datafield tag="653" ind2=" " ind1=" ">
      <subfield code="a">Extensiometric gauge</subfield>
   </datafield>
   <datafield tag="653" ind2=" " ind1=" ">
      <subfield code="a">Specific cutting energy</subfield>
   </datafield>
   <datafield tag="653" ind2=" " ind1=" ">
      <subfield code="a">Potentiometer</subfield>
   </datafield>
   <datafield tag="653" ind2=" " ind1=" ">
      <subfield code="a">Mechanization by chip removal</subfield>
   </datafield>
   <datafield tag="653" ind2=" " ind1=" ">
      <subfield code="a">Rate of material removed</subfield>
   </datafield>
   <datafield tag="653" ind2=" " ind1=" ">
      <subfield code="a">Mecanitzat</subfield>
   </datafield>
   <datafield ind2="0" ind1="0" tag="245">
      <subfield code="a">Fabricación de un dispositivo para calcular la energía específica de corte de los materiales</subfield>
   </datafield>
</record></metadata></record></GetRecord></OAI-PMH>